UBT Library

Drugs in sport / (Record no. 42983)

000 -LEADER
fixed length control field 00550cam a2200217 a 4500
001 - CONTROL NUMBER
control field 4348652
005 - DATE AND TIME OF LATEST TRANSACTION
control field 20180221034036.0
008 - FIXED-LENGTH DATA ELEMENTS--GENERAL INFORMATION
fixed length control field 890207s1988 ilua 000 0 eng
010 ## - LIBRARY OF CONGRESS CONTROL NUMBER
LC control number 89111763
020 ## - INTERNATIONAL STANDARD BOOK NUMBER
International Standard Book Number 0873222229
040 ## - CATALOGING SOURCE
Original cataloging agency DLC
Transcribing agency DLC
Modifying agency DLC
041 ## - LANGUAGE CODE
Language code of text/sound track or separate title eng
080 ## - UNIVERSAL DECIMAL CLASSIFICATION NUMBER
Universal Decimal Classification number 615.708
082 00 - DEWEY DECIMAL CLASSIFICATION NUMBER
Classification number 615.708 MOT
Edition number 20
100 ## - Rafti
Rafti 5
101 ## - Shkurtesa
Shkurtesa SHF
245 00 - TITLE STATEMENT
Title Drugs in sport /
Statement of responsibility, etc edited by D.R. Mottram.
906 ## - LOCAL DATA ELEMENT F, LDF (RLIN)
a 7
b cbc
c orignew
d 3
e ncip
f 19
g y-gencatlg
942 ## - ADDED ENTRY ELEMENTS (KOHA)
Source of classification or shelving scheme
Item type Books
Holdings
Withdrawn status Lost status Source of classification or shelving scheme Damaged status Not for loan Collection code Permanent location Current location Shelving location Date acquired Total Checkouts Full call number Barcode Date last seen Price effective from Koha item type
          Koleksioni i përgjithshem UBT - Lipjan UBT - Lipjan Koleksioni i përgjithshem 02/21/2018   615.708 MOT 002-2999843 02/21/2018 02/21/2018 Books
UBT Library © 2015-2024. All rights reserved University Education for Business and Technology